Statistiques concernant Paroles On dirait-Amir

Cliquez ici pour prendre le quiz!

Statistiques générales

  • Ce quiz a été pris 148 fois
    (147 depuis la dernière actualisation)
  • Le résultat moyen est 235 sur 287

Statistiques - réponses

Paroles% Correct
dirait
97%
on
97%
On
97%
à
96%
a
96%
un
95%
bien
94%
de
94%
Que
94%
que
94%
tous
94%
ange
93%
Ce
93%
ce
93%
93%
la
93%
La
93%
qu'on
93%
c'est
92%
dans
92%
mon
92%
Toi
92%
toi
92%
Tu
90%
tu
90%
monde
89%
étrange
88%
moi
84%
je
83%
Je
83%
ma
83%
toujours
83%
été
82%
en
81%
me
81%
t'as
81%
le
80%
Tout
80%
tout
80%
autour
79%
dis
79%
j'ai
78%
J'ai
78%
ne
78%
pas
78%
vie
78%
il
76%
Quand
73%
couleur
72%
fait
72%
sais
72%
est
71%
pour
71%
regarder
69%
noir
68%
Non
68%
non
68%
sans
68%
sûr
68%
Sur
68%
tourne
68%
qui
66%
côté
65%
ferai
65%
seul
64%
fois
63%
t'es
63%
les
62%
main
62%
tellement
62%
juste
61%
mal
61%
n'ai
61%
n'est
61%
Oh
61%
Toute
61%
tendre
60%
passer
59%
bras
58%
facile
58%
bout
57%
douté
57%
douleurs
56%
lire
56%
seule
56%
rêve
55%
ton
55%
beauté
53%
page
53%
refrain
53%
tourner
52%
trainé
52%
derrière
51%
dos
51%
m'portais
50%
yeah
50%
cachée
49%
douceur
48%
visages
47%
vois
47%
n'jamais
44%
t'écouter
42%
Promets-moi
40%
prié
32%
j'peux
30%

Distribution des résultats

Percentile par nombre de réponses

% des personnes avec chaque résultat

Votre développement - résultats

Vous n’avez pas pris ce quiz depuis la dernière actualisation